000 00564nmm a2200169Ia 4500
008 251105s9999||||xx |||||||||||||||||und||
020 _a9789587712841
041 _aspa
100 _aBerghe, Edgar
245 0 _aDiseñe y administre su propia empresa: Proyectándola a los TLC de Estados unidos, Suiza y Canadá (4a ed.)
264 _a[Bogotá, Colombia] :
_bEcoe Ediciones,
_c2015
300 _a400 páginas
490 _aCiencias empresariales
650 _aEconomics and Business
856 _uhttps://public.digitaliapublishing.com/a/47110
942 _cCF
999 _c96181
_d96181